Statistics for Every City in Newfoundland and Labrador on the Map

Click here to take the quiz!

General Stats

  • This quiz has been taken 85 times
  • The average score is 43 of 276

Answers on the Map

Answers color-coded by a green-red scale on the quiz's map according to % correct below.
 

Answer Stats

TypePopCity% Correct
City110 kSt. John's
98%
Town7.4 kLabrador City
65%
Town8.0 kHappy Valley-Goose Bay
62%
City19.3 kCorner Brook
58%
Town11.8 kGander
58%
Town13.8 kGrand Falls-Windsor
48%
City22.4 kMount Pearl
43%
Town27.1 kConception Bay South
40%
Town22.9 kParadise
40%
Inuit community
government
1.2 kNain
38%
Town6.5 kStephenville
38%
Town3.1 kBonavista
37%
Town3.5 kChannel-Port aux Basques
35%
Town5.2 kMarystown
35%
Town2.1 kSt. Anthony
35%
Town4.8 kDeer Lake
33%
Town2.1 kFogo Island
33%
Town1.1 kCentreville-Wareham-
Trinity
30%
Town3.2 kPlacentia
30%
Town5.9 kBay Roberts
28%
Town3.2 kLewisporte
28%
Town7.8 kTorbay
28%
Town2.1 kTwillingate
28%
Town2.2 kBurin
27%
Town2.3 kLogy Bay-Middle Cove-
Outer Cover
27%
Town8.4 kPortugal Cove-St. Philip's
27%
Town2.0 kPouch Cove
27%
Town6.7 kClarenville
25%
Town371Ferryland
25%
Town3.5 kPasadena
25%
Town76Trinity
25%
Town1.9 kWabush
25%
Town1.8 kGambo
23%
Town2.4 kHolyrood
23%
Town2.9 kSpringdale
23%
Town313St. Mary's
23%
Town1.3 kBaie Verte
22%
Town1.5 kBay Bulls
22%
Town4.6 kCarbonear
22%
Town208Come By Chance
22%
Town2.1 kGrand Bank
22%
Town2.7 kHarbour Grace
22%
Town937Rocky Harbour
22%
Town1.8 kWabana
22%
Town398Cow Head
20%
Town1.7 kFlatrock
20%
Town1.3 kFortune
20%
Town579North River
20%
Town608Old Perlican
20%
Town1.6 kStephenville Crossing
20%
Town405Trepassey
20%
Town955Whitbourne
20%
Town584Avondale
18%
Town347Bay de Verde
18%
Town699Brigus
18%
Town1.1 kBurgeo
18%
Town699Cupids
18%
Town1.9 kGlovertown
18%
Inuit community
government
596Hopedale
18%
Town312Mary's Harbour
18%
Town947Petty Harbour-Maddox Cove
18%
Town388Ramea
18%
Town414Small Point-Adam's Cove-
Blackhead-Broad Cove
18%
Town620Appleton
17%
Town964Arnold's Cove
17%
Town682Badger
17%
Town412Bauline
17%
Town3.0 kBishop's Falls
17%
Town292Charlottetown
17%
Town220Daniel's Harbour
17%
Town1.4 kHarbour Breton
17%
Town1.0 kHarbour Main-
Chape's Cove-Lakeview
17%
Town583Lawn
17%
Town535Lumsden
17%
Inuit community
government
365Makkovik
17%
Town946Musgrave Harbour
17%
Town200New Perlican
17%
Town2.0 kNew-Wes-Valley
17%
Town142Red Bay
17%
Inuit community
government
327Rigolet
17%
Town1.1 kSt. George's
17%
Town1.1 kSt. Lawrence
17%
Town279Traytown
17%
Town1.6 kVictoria
17%
Town175Bird Cove
15%
Town2.7 kBotwood
15%
Town304Burlington
15%
Town784Carmanville
15%
Town439Cartwright
15%
Town213Chance Cove
15%
Town1.4 kClarke's Beach
15%
Town149Conche
15%
Town579Dover
15%
Town207Fleur de Lys
15%
Town439Hampden
15%
Town330Heart's Content
15%
Town646Heart's Delight-Islington
15%
Town277Jackson's Arm
15%
Town692L'Anse-au-Loup
15%
Town820LaScie
15%
Town100Little Bay
15%
Town413Port au Port East
15%
Town361Port Rexton
15%
Town678Port Saunders
15%
Town764Salmon Cove
15%
Town674South River
15%
Town2.6 kSpaniard's Bay
15%
Town1.1 kSt. Alban's
15%
Town603St. Lunaire-Griquet
15%
Town202St. Pauls
15%
Town99Terra Nova
15%
Town511Birchy Bay
13%
Town177Branch
13%
Town590Buchans
13%
Town499Cape Broyle
13%
Town446Chapel Arm
13%
Town315Elliston
13%
Town159Frenchman's Cove
13%
Town739Glenwood
13%
Town925Hare Bay
13%
Town297Hawke's Bay
13%
Town184Heart's Desire
13%
Town75King's Cove
13%
Town219L'Anse-au-Clair
13%
Town508Lark Harbour
13%
Town185Long Harbour-
Mount Arlington Heights
13%
Town155Lord's Cove
13%
Town246Main Brook
13%
Town1.6 kMassey Drive
13%
Town443Middle Arm
13%
Town560North West River
13%
Town742Port au Choix
13%
Town403Port Hope Simpson
13%
Town86Portugal Cove South
13%
Inuit community
government
188Postville
13%
Town173River of Ponds
13%
Town344Rose Blanche-Harbour le Cou
13%
Town318St. Bride's
13%
Town86St. Joseph's
13%
Town181St. Lewis
13%
Town263St. Vincent's-St. Stephen's-
Peter's River
13%
Town805Summerford
13%
Town407Sunnyside
13%
Town896Triton
13%
Town508Trout River
13%
Town1.4 kUpper Island Cove
13%
Town185Westport
13%
Town436Winterton
13%
Town163Brighton
12%
Town540Burnt Islands
12%
Town809Cape St. George
12%
Town184Change Islands
12%
Town613Colliers
12%
Town624Conception Harbour
12%
Town527Eastport
12%
Town489Englee
12%
Town266Fermeuse
12%
Town100Gaultois
12%
Town257Greenspond
12%
Town318Hant's Harbour
12%
Town404Hermitage-Sandyville
12%
Town296Leading Tickles
12%
Town87Millertown
12%
Town647Norman's Cove-Long Cove
12%
Town602Norris Point
12%
Town368Parson's Pond
12%
Town64Pinware
12%
Town513Port Blandford
12%
Town280Renews-Cappahayden
12%
Town165Riverhead
12%
Town928Roddickton-Bide Arm
12%
Town100 | 281Seal Cove
12%
Town125St. Brendan's
12%
Town416Steady Brook
12%
Town546St. Jacques-Coomb's Cove
12%
Town446Terrenceville
12%
Town5Tilt Cove
12%
Town351Whiteway
12%
Town372York Harbour
12%
Town97Admirals Beach
10%
Town305Anchor Point
10%
Town74Aquaforte
10%
Town234Bay L'Argent
10%
Town97Beachside
10%
Town52Bellburns
10%
Town348Belleoram
10%
Town119Brent's Cove
10%
Town343Bryant's Cove
10%
Town459Campbellton
10%
Town103Colinet
10%
Town118Cook's Harbour
10%
Town492Cormack
10%
Town664Cox's Cove
10%
Town156Crow Head
10%
Town272Flower's Cove
10%
Town377Forteau
10%
Town226Fox Harbour
10%
Town50Gallants
10%
Town542Garnish
10%
Town176Grand le Pierre
10%
Town118Happy Adventure
10%
Town179Howley
10%
Town1.5 kHumber Arm South
10%
Town172Indian Bay
10%
Town1.2 kIrishtown-Summerside
10%
Town559Isle aux Morts
10%
Town653King's Point
10%
Town502Lourdes
10%
Town404Meadows
10%
Town669Milltown-Head of Bay d'Espoir
10%
Town298Ming's Bight
10%
Town382Mount Carmel-
Mitchells Brook-St. Catherines
10%
Town700Mount Moriah
10%
Town561Musgravetown
10%
Town145Pacquet
10%
Town233Parkers Cove
10%
Town286Pilley's Island
10%
Town384Port au Port West-
Aguathuna-Felix Cove
10%
Town150Raleigh
10%
Town550Reidville
10%
Town15Sally's Cove
10%
Town108Salvage
10%
Town205Sandringham
10%
Town120Sandy Cove
10%
Town420South Brook
10%
Town313Southern Harbour
10%
Town433St. Bernard's-
Jacques Fontaine
10%
Town55St. Shott's
10%
Town102West St. Modeste
10%
Town195Woodstock
10%
Town126Baine Harbour
8%
Town251Baytona
8%
Town252Bishop's Cove
8%
Town111Coachman's Cove
8%
Town345Comfort Cove-Newstead
8%
Town244Cottlesville
8%
Town36Duntara
8%
Town679Embree
8%
Town117English Harbour East
8%
Town252Fox Cove-Mortier
8%
Town189Gaskiers-Point La Haye
8%
Town506Gillams
8%
Town241Glenburnie-Birchy Head-
Shoal Brook
8%
Town172Goose Cove East
8%
Town236Hughes Brook
8%
Town46Keels
8%
Town1.8 kKippens
8%
Town218Lamaline
8%
Town546Lewin's Cove
8%
Town84Little Bay East
8%
Town238Little Burnt Bay
8%
Town169Lushes Bight-Beaumont-
Beaumont North
8%
Town575McIvers
8%
Town97Miles Cove
8%
Town93Morrisville
8%
Town74Nipper's Harbour
8%
Town708Norris Arm
8%
Town371Northern Arm
8%
Town723Peterview
8%
Town67Point au Gaul
8%
Town87Point Lance
8%
Town574Point Leamington
8%
Town254Point May
8%
Town137Point of Bay
8%
Town143Pool's Cove
8%
Town42Port Anson
8%
Town49Port Kirwan
8%
Town177Red Harbour
8%
Town115Rencontre East
8%
Town722Robert's Arm
8%
Town229Rushoon
8%
Town1.6 kTrinity Bay North
8%
Town1.6 kWiltess Bay
8%
Town398Winterland
8%
Town244Woody Point
8%

Score Distribution

Percentile by Number Answered

Percent of People with Each Score

Your Score History

You have not taken this quiz